| 000 | 01196nam a22003257a 4500 | ||
|---|---|---|---|
| 003 | CHAP | ||
| 005 | 20220329141751.0 | ||
| 008 | 971013s1977 r 00010 d | ||
| 010 | _a73488 | ||
| 011 | _a74460 | ||
| 035 | _a84019 | ||
| 040 | _cCHAP | ||
| 082 |
_a332.71 _bA52 |
||
| 100 | 0 | 0 |
_aAlbornoz de la Escosura, Alvaro de. _93510 |
| 245 | _aCrédito agrícola por niveles de desarrollo; problemas de la fusión de la banca rural | ||
| 260 |
_aMéxico, D.F. : _b(s.e.), _c1977 |
||
| 300 | _a149 p. | ||
| 590 |
_aBATCH-UPD _b10 _c20130110 _lUCH01 _h0737 |
||
| 590 |
_aBATCH-UPD _b10 _c20130410 _lUCH01 _h0420 |
||
| 590 |
_aBATCH-UPD _b10 _c20130913 _lUCH01 _h2349 |
||
| 590 |
_aCONVERSION _b10 _c20130109 _lUCH01 _h1340 |
||
| 650 | 1 | 4 |
_aBancos agrícolas _xMéxico. _99903 |
| 650 | 1 | 4 |
_aCrédito agrícola _zMéxico. _929089 |
| 901 | _aBK | ||
| 942 | _cLIBRO | ||
| 949 |
_a332.71 A52 _bBC _cLIBRO _d33724000327284 _eLIBRO _fc.3 _h43136 _i84019 _mD. _si |
||
| 949 |
_a332.71 A52 _bBC _cLIBRO _d33724000327292 _eLIBRO _fc.2 _h43135 _i84019 _mD. _si |
||
| 949 |
_a332.71 A52 _bBC _cLIBRO _d33724000327300 _eLIBRO _h43134 _i84019 _mD. _si |
||
| 949 |
_a332.71 A52 _bBC _cLIBRO _d33724000327318 _eLIBRO _fc.4 _h43137 _i84019 _si |
||
| 999 |
_c73488 _d73488 |
||